LEADER 01346nam--2200409---450- 001 990002698920203316 005 20060123161317.0 010 $a88-13-26108-X 035 $a000269892 035 $aUSA01000269892 035 $a(ALEPH)000269892USA01 035 $a000269892 100 $a20060105d2005----km-y0itay0103----ba 101 $aita 102 $aIT 105 $a||||||||001yy 200 1 $aCommentario breve al codice di procedura penale$ecomplemento giurisprudenziale$eAppendice di aggiornamento 2002-2005$fGiovanni Conso, Vittorio Grevi$ga cura di Vittorio Grevi 205 $a4. ed 210 $aPadova$cCedam$d2005 215 $aXXVI, 913 p.$d22 cm 225 2 $aBreviaria iuris$v6 410 0$a12001$aBreviaria Iuris$12001$v6 606 0 $aCodice di procedura penale 676 $a345.05 700 1$aCONSO,$bGiovanni$0149594 701 1$aGREVI,$bVittorio$0222797 801 0$aIT$bsalbc$gISBD 912 $a990002698920203316 951 $aCOLL EQY 6 COMPL. AGG.$b48746 G.$cCOLL EQY$d00177064 959 $aBK 969 $aGIU 979 $aRENATO$b90$c20060105$lUSA01$h1052 979 $aRENATO$b90$c20060123$lUSA01$h1606 979 $aRENATO$b90$c20060123$lUSA01$h1613 979 $aFIORELLA$b90$c20100603$lUSA01$h1405 996 $aCommentario breve al codice di procedura penale$9579721 997 $aUNISA LEADER 01304nas 2200457-a 450 001 996214644403316 005 20221208213020.0 035 $a(DE-599)ZDB2628023-1 035 $a(OCoLC)793315002 035 $a(CKB)2670000000187765 035 $a(CONSER)--2012261156 035 $a(EXLCZ)992670000000187765 100 $a20120508a20119999 --- - 101 0 $aeng 135 $aur||||||||||| 181 $ctxt$2rdacontent 182 $cc$2rdamedia 183 $acr$2rdacarrier 200 00$aBusiness management dynamics 210 $a[England] $cSociety for Business Management Dynamics 215 $a1 online resource 300 $aRefereed/Peer-reviewed 311 $a2047-7031 517 1 $aBMD 517 1 $aJournal of business management dynamics 606 $aBusiness$vPeriodicals 606 $aManagement$vPeriodicals 606 $aManagement$2ebps 606 $aBusiness$2fast$3(OCoLC)fst00842262 606 $aManagement$2fast$3(OCoLC)fst01007141 608 $aPeriodicals.$2fast 610 $aCommerce - General 615 0$aBusiness 615 0$aManagement 615 7$aManagement. 615 7$aBusiness. 615 7$aManagement. 906 $aJOURNAL 912 $a996214644403316 996 $aBusiness management dynamics$92229340 997 $aUNISA